000 00206nam a2200097Ia 4500
999 _c8654
_d8654
100 _aS.M.Yusuf
245 0 _aMathematical Methods
260 _aLahore
_bIlmi Kitab Khana
_c2001
300 _a256
942 _cBK